Sports Quiz

Random Sports or NFL Quiz

Week 8 NFL Pick 'Em Quiz Stats

 Plays Quiz not verified by Sporcle

Score 0/26 Timer 04:00
0 Plays Today
Teams Team % Correct
St. Louis Rams (3-4)St. Louis Rams
75.8%
Kansas City Chiefs (4-2)Kansas City Chiefs
75.8%
New England Patriots (5-1)New England Patriots
74.2%
Pittsburgh Steelers (5-1)Pittsburgh Steelers
74.2%
Washington Redskins (4-3)Washington Redskins
72.6%
Denver Broncos (2-5)Denver Broncos
71%
Tennessee Titans (5-2)Tennessee Titans
69.4%
Miami Dolphins (3-3)Miami Dolphins
67.7%
Tampa Bay Buccaneers (4-2)Tampa Bay Buccaneers
64.5%
Dallas Cowboys (1-5)Dallas Cowboys
62.9%
Oakland Raiders (3-4)Oakland Raiders
61.3%
New York Jets (5-1)New York Jets
59.7%
Green Bay Packers (4-3)Green Bay Packers
58.1%
Teams Team % Correct
Indianapolis Colts (4-2)Indianapolis Colts
58.1%
San Francisco 49ers (1-6)San Francisco 49ers
53.2%
Houston Texans (4-2)Houston Texans
53.2%
Jacksonville Jaguars (3-4)Jacksonville Jaguars
51.6%
Seattle Seahawks (4-2)Seattle Seahawks
51.6%
Cincinnati Bengals (2-4)Cincinnati Bengals
46.8%
Arizona Cardinals (3-3)Arizona Cardinals
45.2%
San Diego Chargers (2-5)San Diego Chargers
41.9%
Detroit Lions (1-5)Detroit Lions
40.3%
Buffalo Bills (0-6)Buffalo Bills
40.3%
Minnesota Vikings (2-4)Minnesota Vikings
37.1%
Carolina Panthers (1-5)Carolina Panthers
35.5%
New Orleans Saints (4-3)New Orleans Saints
35.5%

You're not logged in!

Compare scores with friends on all Sporcle quizzes.
OR
Log In

Show Comments

Extras

Created Oct 29, 2010SourceReportNominate
Tags:NFL Quiz, team, week

Top Quizzes Today


Score Distribution

Your Account Isn't Verified!

In order to create a playlist on Sporcle, you need to verify the email address you used during registration. Go to your Sporcle Settings to finish the process.

Report this User

Report this user for behavior that violates our Community Guidelines.

Details: